000
00324nam a2200133Ia 4500
005
20251222143258.0
008
251222s9999||||xx |||||||||||||| ||spa||
020
_a
84-7050-237-9
082
_a
235.7/M27
100
_a
Di Mascio Lorenzoni, Ana Lisa
245
0
_a
La Crucifixión de Jesús
264
_b
Edicep
942
_c
LIB
999
_c
15236
_d
15236